000 00363nam a22001697a 4500
003 UA-OsUOA
001 3972
007 ta
008 20050721b un ||||| |||| 00| 0 ukr d
100 _aBailly
700 _aRene.
942 _cBK
040 _aUA-OsUOA
_cUA-OsUOA
_dUA-OsUOA
245 _aDictionnaire des Synonymes.
_bDictionary
955 _a2
650 7 _2UDC
999 _c290134
_d290134